Śrī Rāmānujar. (Record no. 77141)

MARC details
000 -LEADER
fixed length control field 00541cam a22002171 4500
001 - CONTROL NUMBER
control field sa 68000345
003 - CONTROL NUMBER IDENTIFIER
control field DLC
005 - DATE AND TIME OF LATEST TRANSACTION
control field 20260227112423.0
008 - FIXED-LENGTH DATA ELEMENTS--GENERAL INFORMATION
fixed length control field 890507s1964 xx 000 0 tamo
010 ## - LIBRARY OF CONGRESS CONTROL NUMBER
LC control number sa 68000345
035 ## - SYSTEM CONTROL NUMBER
System control number (OCoLC)23573771
040 ## - CATALOGING SOURCE
Original cataloging agency DLC
Transcribing agency MiU
Modifying agency DLC
042 ## - AUTHENTICATION CODE
Authentication code premarc
050 00 - LIBRARY OF CONGRESS CALL NUMBER
Classification number B133.R366
Item number S68
100 0# - MAIN ENTRY--PERSONAL NAME
Personal name Pi. Śrī.,
Dates associated with a name 1892-1981.
245 10 - TITLE STATEMENT
Title Śrī Rāmānujar.
260 ## - PUBLICATION, DISTRIBUTION, ETC.
Date of publication, distribution, etc. [1964]
300 ## - PHYSICAL DESCRIPTION
Extent xi, 320 p.
Other physical details illus., plates.
Dimensions 22 cm.
500 ## - GENERAL NOTE
General note Romanized.
600 00 - SUBJECT ADDED ENTRY--PERSONAL NAME
Personal name Rāmānuja,
Dates associated with a name 1017-1137.

No items available.

Powered by Koha